| 000 | 00400nam a22001577a 4500 | ||
|---|---|---|---|
| 005 | 20251108172831.0 | ||
| 008 | 250721s1999 xx 000 0 ara d | ||
| 082 | 1 | 4 | _a214.61/كسج |
| 100 | 1 | _aالكسجي، محمد | |
| 245 | 1 | 0 | _aكشكول الإيمان الملون / |
| 264 | 1 |
_aعمان : _c1999. |
|
| 300 | _a41 ص. | ||
| 650 | 1 | 7 | _aالإيمان |
| 942 |
_2ddc _cBK |
||
| 999 |
_c89612 _d89612 |
||